Normal view
MARC view
Entry Personal Name
001 - CONTROL NUMBER
- control field: 11714
003 - CONTROL NUMBER IDENTIFIER
- control field: BD-DhEWU
005 - DATE AND TIME OF LATEST TRANSACTION
- control field: 20140610204223.0
008 - FIXED-LENGTH DATA ELEMENTS
- fixed length control field: 140610|| aca||aabn | a|a d
040 ## - CATALOGING SOURCE
- Original cataloging agency: BD-DhEWU
- Transcribing agency: BD-DhEWU
100 ## - HEADING--PERSONAL NAME
- Personal name: Shafer, Scott M.
670 ## - SOURCE DATA FOUND
- Source citation: Work cat.: (BD-DhEWU)4141: Meredith, Jack R. 10720, Operations management for MBAs /, c2002.